000 00606nam a2200229Ia 4500
001 1062
005 20240113233443.0
007 ta
008 050129s1989 a g b000 u asm u
020 _cHB
040 _aRef. stack
041 _aasm
082 _a370.78
_bLa 36 En
100 _aLaurie, A.P. .
245 0 _aEncyclopaedia of educational research Vol.II /
_cA.P.Laurie.
_hTextual Documents
260 _aNew Delhi :
_bAnmol Publications ,
_c1989.
300 _a229p. :
_bill ;
_c21cm. .
653 _aEncyclopaedia - Education
942 _2ddc
_cBK
999 _c1060
_d1060